[Event "ESP-ch U10"]
[Site "Salobrena"]
[Date "2023.07.08"]
[Round "9"]
[White "Ramos Cabezas, Alonso"]
[Black "Torres Alvarez, Iker"]
[Result "1-0"]
[WhiteElo "1185"]
[BlackElo "1066"]
[PlyCount "103"]
[EventDate "2023.07.03"]
[EventType "swiss"]
[EventRounds "9"]
[EventCountry "ESP"]
[SourceTitle "EXT 2024"]
[Source "ChessBase"]
[SourceDate "2023.10.10"]
[SourceVersion "1"]
[SourceVersionDate "2023.10.10"]
[SourceQuality "1"]

1. e4 e5 2. Nf3 Nc6 3. Bc4 Bc5 4. d3 h6 5. c3 Nf6 6. 0-0 d6 7. Bb3 Bg4 8. h3 Bh5 9. Re1 Qd7 10. Nbd2 0-0-0 11. Nf1 g5 12. Ng3 Bg6 13. d4 exd4 14. Nxd4 g4 15. hxg4 Nxg4 16. f3 Nf6 17. Kf1 h5 18. Ngf5 Bxd4 19. Nxd4 Ng8 20. Ba4 h4 21. Nxc6 bxc6 22. Kf2 f6 23. Qb3 Bf7 24. Bxc6 Bxb3 25. Bxd7+ Kxd7 26. axb3 Rb8 27. b4 Ne7 28. Rxa7 Ra8 29. Be3 Rxa7 30. Bxa7 Nc6 31. Be3 Ne5 32. Bd4 Nd3+ 33. Ke2 Nxe1 34. Kxe1 h3 35. gxh3 Rxh3 36. Ke2 Rh2+ 37. Bf2 c5 38. bxc5 dxc5 39. Kf1 Kd6 40. Bg3+ Kc6 41. Bxh2 Kb5 42. Ke2 Kc4 43. Bg1 Kb3 44. Bxc5 Kxb2 45. Be7 Kxc3 46. Bxf6+ Kc4 47. e5 Kd5 48. Ke3 Ke6 49. Ke4 Kd7 50. Kd5 Ke8 51. Ke6 Kf8 52. Kd7 1-0

[Event "ESP-ch U10"]
[Site "Salobrena"]
[Date "2023.07.04"]
[Round "3"]
[White "Roo Guillan, Lois"]
[Black "Torres Alvarez, Iker"]
[Result "0-1"]
[WhiteElo "1250"]
[BlackElo "1066"]
[PlyCount "77"]
[EventDate "2023.07.03"]
[EventType "swiss"]
[EventRounds "9"]
[EventCountry "ESP"]
[SourceTitle "EXT 2024"]
[Source "ChessBase"]
[SourceDate "2023.10.10"]
[SourceVersion "1"]
[SourceVersionDate "2023.10.10"]
[SourceQuality "1"]

1. d4 d5 2. c4 c6 3. Nc3 Nf6 4. Nf3 h6 5. e3 e6 6. Bd3 Bd6 7. 0-0 Nbd7 8. Bd2 e5 9. dxe5 Bxe5 10. Nxe5 Nxe5 11. Bc2 dxc4 12. Qe2 Nd3 13. b3 Nb4 14. Rac1 cxb3 15. Bxb3 0-0 16. Bc2 Be6 17. a3 Nxc2 18. Rxc2 b5 19. e4 Bc4 20. Qd1 Bxf1 21. Kxf1 Nxe4 22. Nxe4 Qd3+ 23. Kg1 Qxe4 24. h3 Rfd8 25. Qc1 Rd6 26. g3 Rad8 27. Kh2 Qg6 28. Bb4 Rd1 29. Qe3 Qxc2 30. Kg2 R8d4 31. Qe8+ Kh7 32. Qxf7 Qe4+ 33. Qf3 Rg1+ 34. Kxg1 Qxf3 35. Be1 Rd1 36. Kf1 Qd3+ 37. Kg2 Rxe1 38. a4 Qe4+ 39. f3 0-1

[Event "ESP-ch U10"]
[Site "Salobrena"]
[Date "2023.07.03"]
[Round "1"]
[White "Guirado Lara, Pablo"]
[Black "Torres Alvarez, Iker"]
[Result "1-0"]
[WhiteElo "1424"]
[BlackElo "1066"]
[PlyCount "105"]
[EventDate "2023.07.03"]
[EventType "swiss"]
[EventRounds "9"]
[EventCountry "ESP"]
[SourceTitle "EXT 2024"]
[Source "ChessBase"]
[SourceDate "2023.10.10"]
[SourceVersion "1"]
[SourceVersionDate "2023.10.10"]
[SourceQuality "1"]

1. d4 d5 2. Nf3 Nc6 3. e3 Nf6 4. Bd3 Bg4 5. h3 Bh5 6. 0-0 e5 7. g4 Bg6 8. dxe5 Nxe5 9. Nxe5 Bd6 10. Nf3 Ne4 11. Nbd2 Qd7 12. Nd4 h5 13. f4 hxg4 14. Qxg4 Rxh3 15. Qxd7+ Kxd7 16. Rf3 Rh6 17. Bf1 Nxd2 18. Bxd2 Rah8 19. Re1 Be4 20. Rg3 c5 21. Nb5 Rh1+ 22. Kf2 R1h2+ 23. Bg2 a6 24. Nc3 f6 25. Nxe4 dxe4 26. Rxg7+ Ke6 27. Bc3 b5 28. a3 b4 29. axb4 cxb4 30. Bd4 R8h7 31. Rxh7 Rxh7 32. Rh1 Rc7 33. Bxe4 Bc5 34. Rh7 Rxh7 35. Bxh7 Bxd4 36. exd4 a5 37. b3 Kd6 38. Be4 Ke6 39. Kg3 f5 40. Bf3 Kf6 41. Kh4 Ke6 42. Kg5 Ke7 43. Kxf5 Kd6 44. Ke4 Ke6 45. Be2 Ke7 46. Ke5 Kd7 47. Bb5+ Ke7 48. d5 Kd8 49. Ke6 Kc7 50. d6+ Kd8 51. Bc6 Kc8 52. Kd5 Kd8 53. Kc5 1-0